000 00340nam a2200133Ia 4500
005 20251222155127.0
008 251222s9999||||xx |||||||||||||| ||spa||
082 _aINV.35
100 _aPOLIT - HUNGLER.
245 0 _aInvestigación científica en ciencias de la sal.
250 _a5ta. ed.
264 _bMc Graw Hill Inter.
942 _cLIB
999 _c38651
_d38651